Central Library OPAC University of Rajshahi

আধুনিক বাংলা গান : রুপ ও রুপান্তর / (Record no. 74393)

MARC details
000 -LEADER
fixed length control field 00985nam a2200265 a 4500
001 - CONTROL NUMBER
control field 74393
003 - CONTROL NUMBER IDENTIFIER
rucl marc code BD-RjUL
005 - DATE AND TIME OF LATEST TRANSACTION
control field 20211209082539.0
008 - FIXED-LENGTH DATA ELEMENTS--GENERAL INFORMATION
fixed length control field 180906s2018 bg af||| |||| 000 0 ben d
020 ## - INTERNATIONAL STANDARD BOOK NUMBER
International Standard Book Number 9789843442314 :
Terms of availability Tk.1200.00
035 ## - SYSTEM CONTROL NUMBER
System control number (BD-RjUL)74611
040 ## - CATALOGING SOURCE
Original cataloging agency BD-RjUL
Language of cataloging eng
Transcribing agency BD-RjUL
041 ## - LANGUAGE CODE
Language code of text/sound track or separate title eng
082 ## - DEWEY DECIMAL CLASSIFICATION NUMBER
Edition number 23
Classification number 781.630954
Author mark and year SHA 2018
100 1# - MAIN ENTRY--PERSONAL NAME
Personal name শাহী, কাজী শওকত
9 (RLIN) 126411
245 10 - TITLE STATEMENT
Title আধুনিক বাংলা গান : রুপ ও রুপান্তর /
Statement of responsibility, etc. কাজী শওকত শাহী,
260 ## - PUBLICATION, DISTRIBUTION, ETC. (IMPRINT)
Place of publication, distribution, etc. যশোর :
Name of publisher, distributor, etc. আকাশ-দীপ প্রকাশনী ,
Date of publication, distribution, etc. ২০১৮
300 ## - PHYSICAL DESCRIPTION
Pagination খন্ড. :
Illustrations চিত্র ;
Size ২৬ সেমি
505 ## - FORMATTED CONTENTS NOTE
Formatted contents note খন্ড. ১ --
650 ## - SUBJECT ADDED ENTRY--TOPICAL TERM
Topical term or geographic name as entry element গান, বাংলা
9 (RLIN) 222337
Topical term or geographic name as entry element Songs, Bengali.
9 (RLIN) 222338
Topical term or geographic name as entry element জনপ্রিয় সঙ্গীত
9 (RLIN) 222353
Topical term or geographic name as entry element Popular music
9 (RLIN) 222354
942 ## - ADDED ENTRY ELEMENTS (KOHA)
Source of classification or shelving scheme Dewey Decimal Classification
Koha item type Books
Holdings
Lost status Source of classification or shelving scheme Damaged status Not for loan Collection code Permanent Location Current Location Shelving location Date acquired Source of acquisition Cost, normal purchase price Total Checkouts Full call number Date last seen Copy number Koha item type Date checked out
  Dewey Decimal Classification   Not For Loan Non-fiction Central Library, University of Rajshahi Central Library, University of Rajshahi Reading Room 28/06/2018 Akash dip prokashani 1200.00   B 781.630954 SHA 2018 V-1 06/09/2018 C-1 Books  
  Dewey Decimal Classification     Non-fiction Central Library, University of Rajshahi Central Library, University of Rajshahi   28/06/2018 Akash dip prokashani 1200.00   B 781.630954 SHA 2018 V-1 06/09/2018 C-2 Books  
  Dewey Decimal Classification     Non-fiction Central Library, University of Rajshahi Central Library, University of Rajshahi   28/06/2018 Akash dip prokashani 1200.00 2 B 781.630954 SHA 2018 V-1 05/02/2019 C-3 Books 15/01/2019
  Dewey Decimal Classification     Non-fiction Central Library, University of Rajshahi Central Library, University of Rajshahi   28/06/2018 Akash dip prokashani 1200.00   B 781.630954 SHA 2018 V-1 06/09/2018 C-4 Books  
  Dewey Decimal Classification     Non-fiction Central Library, University of Rajshahi Central Library, University of Rajshahi   28/06/2018 Akash dip prokashani 1200.00   B 781.630954 SHA 2018 V-1 06/09/2018 C-5 Books  
  Dewey Decimal Classification     Non-fiction Central Library, University of Rajshahi Central Library, University of Rajshahi   28/06/2018 Akash dip prokashani 1200.00   B 781.630954 SHA 2018 V-1 06/09/2018 C-6 Books  
  Dewey Decimal Classification     Non-fiction Central Library, University of Rajshahi Central Library, University of Rajshahi   28/06/2018 Akash dip prokashani 1200.00   B 781.630954 SHA 2018 V-1 06/09/2018 C-7 Books  
  Dewey Decimal Classification     Non-fiction Central Library, University of Rajshahi Central Library, University of Rajshahi   28/06/2018 Akash dip prokashani 1200.00   B 781.630954 SHA 2018 V-1 06/09/2018 C-8 Books  
  Dewey Decimal Classification     Non-fiction Central Library, University of Rajshahi Central Library, University of Rajshahi   28/06/2018 Akash dip prokashani 1200.00   B 781.630954 SHA 2018 V-1 06/09/2018 C-9 Books  
  Dewey Decimal Classification     Non-fiction Central Library, University of Rajshahi Central Library, University of Rajshahi   28/06/2018 Akash dip prokashani 1200.00 1 B 781.630954 SHA 2018 V-1 27/06/2022 C-10 Books 24/05/2022